|
|
|
|
| LEADER |
01181nam a2200289 a 4500 |
| 001 |
282 |
| 003 |
BD-DhAAL |
| 005 |
20220113103903.0 |
| 008 |
150523s1994 nyua b 001 0 eng |
| 999 |
|
|
|c 34480
|d 34480
|
| 010 |
|
|
|a 93006161
|
| 020 |
|
|
|a 0471000752 (acidfree paper : cloth)
|
| 040 |
|
|
|a DLC
|c DLC
|d DLC
|d BD-DhAAL
|
| 050 |
0 |
0 |
|a RC537
|b .G46 1994
|
| 082 |
0 |
0 |
|a 616.89/5042
|2 20
|
| 245 |
0 |
0 |
|a Genetic studies in affective disorders :
|b overview of basic methods, current directions, and critical research issues /
|c edited by Demitri F. Papolos, Herbert M. Lachman.
|
| 260 |
|
|
|a New York :
|b J. Wiley,
|c c1994.
|
| 300 |
|
|
|a xvi, 236 p. :
|b ill. ;
|c 24 cm.
|
| 490 |
|
|
|a Einstein psychiatry publication ;
|v no. 8
|
| 504 |
|
|
|a Includes bibliographical references and indexes.
|
| 541 |
|
|
|e 282
|
| 650 |
|
0 |
|a Affective disorders
|x Genetic aspects.
|9 11286
|
| 650 |
|
0 |
|a Pharmacy.
|9 44946
|
| 700 |
1 |
|
|a Papolos, Demitri F.
|9 11287
|
| 700 |
1 |
|
|a Lachman, Herbert M.
|9 11288
|
| 942 |
|
|
|2 ddc
|c BK
|
| 952 |
|
|
|0 0
|1 0
|2 ddc
|4 0
|6 616_895042000000000_GEN
|7 0
|9 53819
|a SCL
|b SCL
|c GEN
|d 2015-05-23
|e Gift: The Asia Foundation
|l 1
|m 3
|o 616.895042 GEN
|p 3020000282
|r 2019-07-30
|s 2019-07-08
|t 1
|w 2015-05-23
|y BK
|